[Event "Rheinhausen-ch 19th"]
[Site "Duisburg Rheinhausen"]
[Date "2015.01.18"]
[Round "2"]
[White "Hendriks, Sven"]
[Black "Goldmann, Maurice"]
[Result "1-0"]
[WhiteElo "1438"]
[BlackElo "1196"]
[PlyCount "32"]
[EventDate "2015.01.09"]
[EventType "swiss"]
[EventRounds "7"]
[EventCountry "GER"]
[SourceTitle "EXT 2018"]
[Source "ChessBase"]
[SourceDate "2017.10.13"]
[SourceVersion "1"]
[SourceVersionDate "2017.10.13"]
[SourceQuality "1"]

1. e4 e5 2. Nf3 Nc6 3. d4 exd4 4. c3 d5 5. exd5 Qxd5 6. Be2 Bf5 7. 0-0 0-0-0 8. cxd4 Nxd4 9. Nxd4 Qxd4 10. Qxd4 Rxd4 11. Be3 Re4 12. Nc3 Re8 13. Bf3 b6 14. Nb5 Kb8 15. Rac1 Bd3 16. Nxc7 Bxf1 1-0

[Event "Rheinhausen-ch op 18th"]
[Site "Rheinhausen"]
[Date "2014.02.21"]
[Round "4"]
[White "Dubberke, Alexander"]
[Black "Goldmann, Maurice"]
[Result "1-0"]
[WhiteElo "1313"]
[BlackElo "792"]
[PlyCount "83"]
[EventDate "2014.01.10"]
[EventType "swiss"]
[EventRounds "7"]
[EventCountry "GER"]
[SourceTitle "EXT 2017"]
[Source "ChessBase"]
[SourceDate "2016.10.25"]
[SourceVersion "1"]
[SourceVersionDate "2016.10.25"]
[SourceQuality "1"]

1. e4 e5 2. Nf3 Nc6 3. Bc4 Nf6 4. Nc3 Bc5 5. 0-0 d6 6. d3 Bg4 7. Bg5 h6 8. Bh4 g5 9. Bg3 Nd4 10. a3 a6 11. b4 Ba7 12. a4 c5 13. b5 a5 14. h3 Bh5 15. Bd5 Nxd5 16. Nxd5 0-0 17. c3 Nxf3+ 18. gxf3 f5 19. Kg2 fxe4 20. Qb3 exf3+ 21. Kh2 Bf7 22. Rfe1 Bb8 23. Re3 Be6 24. c4 g4 25. h4 Bxd5 26. cxd5 Qe7 27. Qc4 Qh7 28. Qxg4+ Qg7 29. Qe6+ Kh8 30. Re4 h5 31. Rg1 Rf6 32. Qe8+ Rf8 33. Qxh5+ Qh7 34. Qg5 Rg8 35. Qf6+ Qg7 36. Qe6 Kh7 37. Kh3 b6 38. Bh2 Qf8 39. Reg4 Rxg4 40. Rxg4 Ra7 41. Rg5 Qh6 42. Qg8# 1-0